| 000 | 00646nam a2200217Ia 4500 | ||
|---|---|---|---|
| 005 | 20260629163255.0 | ||
| 008 | 260629s9999||||xx |||||||||||||| ||und|| | ||
| 020 |
_a9780007258918 _qpbk |
||
| 082 |
_a813.6 _bLAH |
||
| 100 | _aLahiri, Jhumpa | ||
| 245 | 4 | _aThe namesake | |
| 250 | _a1st ed. 2003 ; 11th imp. 2012 | ||
| 260 |
_aNoida _bHarperCollins Publishers _c2003 |
||
| 300 | _a291p. ; 20cm. | ||
| 653 | _aBengali Americans—Fiction | ||
| 653 | _aCultural identity—Fiction | ||
| 653 | _aFamilies—Fiction | ||
| 653 | _aImmigrants—United States—Fiction | ||
| 653 | _aIndia—Emigration and immigration—Fiction | ||
| 942 | _cBK | ||
| 999 |
_c57322 _d57322 |
||